000 00655nam a2200229Ia 4500
003 OSt
005 20230418165510.0
008 210423s2011 xx 000 0 und d
020 _a9788173816710
040 _cAL
041 _aeng
082 _a332.10954
_223
_bAHMJ
100 _aAHMED (J U);others
_990273
245 _aMicrofinance revolution in India: success and sustainability
260 _aLondon
_bNew Central Book Agency
_c2011
300 _axviii,265
_bPB
365 _b495
_cINR
650 _aBanking
_990274
650 _aEconomics
_990275
906 _aIndia: ; Microfinance ; revolution ; success ; sustainability
942 _2ddc
_cBK
999 _c160667
_d160667